000 00676nam a2200265Ia 4500
001 12946
005 20240113235421.0
007 ta
008 051027s1910 g b000 u 465 u
020 _cHB
040 _aCotton College Assam
041 _a465
082 _a392.3
_bH 255 P
100 _aHartland, Edwin Sidney .
245 0 _aPrimitive Paternity Vol.II /
_cEdwin Sidney Hartland.
_hTextual Documents
250 _a1st ed. /
260 _aLondon :
_bDavid Nutt ,
_c1910.
300 _a327p. ;
_c22cm.
504 _aIndex
653 _aHistory-Family
653 _aFamily-History
942 _2ddc
_cBK
999 _c12932
_d12932